000 00904nam a2200253 a 4500
001 000018962
005 20250409122710.0
008 100329s1982 dr a 000 0 spa d
040 _aDO-SdBNP
_bspa
_cBNPHU
082 _a616.31
_bV476m
100 1 _aHolguín-Veras Tabar, Oscar
_937844
245 1 0 _aManual de microbiología bucal /
_cOscar Holguín-Veras Tabar.
260 _aSan Pedro de Macorís, Republica Dominicana :
_bUCE,
_c1982.
300 _a138 p. :
_bretrs. ;
_c23 cm.
490 1 _aTextos
_vv. 1
500 _aIncluye datos biografícos del autor en la contracubierta
504 _aIncluye bibliografía (p. 133-136)
650 4 _aBacteriología de la boca
_937848
650 4 _aEnfermedades de la boca
_xProblemas, ejercicios, etc.
_938409
650 4 _aBoca
_xEnfermedades
_938410
710 1 _aUniversidad Central del Este
_937229
830 0 _aTextos
_nno. 1
_938411
049 _aBNPD
999 _c18480
_d18480